| 000 | 00734cam a2200217 a 4500 | ||
|---|---|---|---|
| 001 | 000004696 | ||
| 005 | 20200929151501.0 | ||
| 008 | 820428s1971 sp 001 0 spa | ||
| 040 |
_aDO-SdBNP _cCarP _dDLC |
||
| 082 |
_a860.6 _bG973d |
||
| 100 | 1 |
_aGullón, Ricardo _q(Ricardo Gullón Fernández), _d1908-1991. _913677 |
|
| 245 | 1 | 0 |
_aDirecciones del modernismo / _cRicardo Gullón. |
| 250 | _a2a ed. aum. | ||
| 260 |
_aMadrid : _bGredos, _c1971. |
||
| 300 |
_a274 p. ; _c19 cm. |
||
| 440 | 0 |
_aBiblioteca romántica Hispánica. _913678 |
|
| 440 | 0 |
_aCampo abierto ; _v12 _913679 |
|
| 650 | 4 |
_aLiteratura española _ySIGLO XX _xHistoria y crítica _93061 |
|
| 650 | 4 |
_aModernismo (literatura) _9834 |
|
| 910 | _aCatalogación por copia / LC | ||
| 999 |
_c4502 _d4502 |
||